| 000 | 00998nas a2200301 4500 | ||
|---|---|---|---|
| 001 | BR2016003947 | ||
| 003 | BR-BrBNA | ||
| 005 | 20231205130631.0 | ||
| 007 | ta | ||
| 008 | 230509b bl.|||p| |||| 00| 00por d | ||
| 040 |
_aBR-BrBNA _bpor _cBiblioteca Nacional de Agricultura |
||
| 041 | _a(En) | ||
| 072 | _aL40 | ||
| 100 | 1 | _aKleckowska-Nawrot, J. | |
| 100 | 1 | _aGozdziewska-Harlajczuk, K. | |
| 100 | 1 | _aKowalczyk, A. | |
| 100 | 1 | _aLukaszewicz, E. | |
| 100 | 1 | _aNowaczyk, R. | |
| 245 | 1 | _aStructural differences of the harderian gland between common pheasants (Phasianus Colchicus Talischensis)and hybrids of italian amber and common pheasants | |
| 650 | _aFAISAO | ||
| 650 | _aHISTOLOGIA ANIMAL | ||
| 650 | _aHISTOQUIMICA | ||
| 650 | _aHIBRIDO | ||
| 650 | _aANALISE COMPARATIVA | ||
| 773 | 0 |
_tBrazilian Journal of Poultry Science (Brazil) _xISSN 1516-635X _g(May-Jun 2016), v. 18(2) p. 309-318 _wBR2016003947 |
|
| 909 |
_a202311 _bLúcia _c55 _dLúcia Elande |
||
| 942 |
_2AGRIS _n0 _cANA |
||
| 999 |
_c250449 _d250449 |
||